[Event "MONTCADA"]
[Site "?"]
[Date "2015.07.01"]
[Round "7.10"]
[White "Ramirez Garcia, J."]
[Black "Saduakassova, D."]
[Result "0-1"]
[BlackElo "2405"]
[WhiteElo "2312"]
[LiveChessVersion "1.4.6"]

1. e4 {[%clk 1:26:15]} c5 {[%clk 1:30:55]} 2. c3 {[%clk 1:26:40]} Nf6
{[%clk 1:31:19]} 3. e5 {[%clk 1:27:04]} Nd5 {[%clk 1:31:45]} 4. Nf3
{[%clk 1:27:30]} e6 {[%clk 1:32:06]} 5. g3 {[%clk 1:27:25]} Nc6 {[%clk 1:32:11]}
6. Bg2 {[%clk 1:27:49]} d6 {[%clk 1:32:37]} 7. exd6 {[%clk 1:28:14]} Bxd6
{[%clk 1:33:00]} 8. O-O {[%clk 1:28:37]} O-O {[%clk 1:32:33]} 9. d4
{[%clk 1:29:01]} cxd4 {[%clk 1:26:22]} 10. Nxd4 {[%clk 1:29:24]} Be5
{[%clk 1:19:05]} 11. Nxc6 {[%clk 1:08:54]} bxc6 {[%clk 1:19:29]} 12. c4
{[%clk 1:07:08]} Ne7 {[%clk 1:17:38]} 13. Qe2 {[%clk 1:06:31]} Qc7
{[%clk 1:15:48]} 14. Re1 {[%clk 0:56:51]} f6 {[%clk 1:14:39]} 15. Nd2
{[%clk 0:49:48]} Rb8 {[%clk 1:13:48]} 16. Nb3 {[%clk 0:50:01]} Nf5
{[%clk 1:12:44]} 17. c5 {[%clk 0:29:11]} Nd4 {[%clk 0:59:01]} 18. Qc4
{[%clk 0:23:29]} Rd8 {[%clk 0:57:30]} 19. Bf4 {[%clk 0:23:21]} Bxf4
{[%clk 0:49:17]} 20. Nxd4 {[%clk 0:23:24]} Bd2 {[%clk 0:49:46]} 21. Rxe6
{[%clk 0:17:47]} Qf7 {[%clk 0:48:38]} 22. Qe2 {[%clk 0:01:20]} Bxe6
{[%clk 0:46:00]} 23. Nxe6 {[%clk 0:01:48]} Re8 {[%clk 0:45:40]} 24. Qxd2
{[%clk 0:02:13]} Qxe6 {[%clk 0:43:21]} 25. b3 {[%clk 0:02:38]} Rbd8
{[%clk 0:40:48]} 26. Qa5 {[%clk 0:03:02]} Rd7 {[%clk 0:33:10]} 27. Qa4
{[%clk 0:03:26]} Rc8 {[%clk 0:26:58]} 28. Rc1 {[%clk 0:03:48]} Rcc7
{[%clk 0:23:41]} 29. Qa5 {[%clk 0:03:00]} Re7 {[%clk 0:22:55]} 30. Bf1
{[%clk 0:01:42]} Kf8 {[%clk 0:22:19]} 31. Qa6 {[%clk 0:01:15]} Qd5
{[%clk 0:20:31]} 32. Qa5 {[%clk 0:00:58]} Qd4 {[%clk 0:18:19]} 33. Qa6
{[%clk 0:00:37]} Qd2 {[%clk 0:18:09]} 34. Rb1 {[%clk 0:00:39]} Qc2
{[%clk 0:17:51]} 35. Qd3 {[%clk 0:00:36]} Qxd3 {[%clk 0:18:13]} 36. Bxd3
{[%clk 0:01:05]} Rcd7 {[%clk 0:18:08]} 37. Bf1 {[%clk 0:01:01]} Rd2
{[%clk 0:17:00]} 38. Bg2 {[%clk 0:01:25]} Rxa2 {[%clk 0:16:02]} 39. Bxc6
{[%clk 0:01:51]} Rc7 {[%clk 0:16:22]} 40. Be4 {[%clk 0:01:57]} Rxc5
{[%clk 0:16:48]} 41. Bxh7 {[%clk 0:02:21]} f5 {[%clk 0:15:26]} 42. Bg6
{[%clk 0:02:44]} Ke7 {[%clk 0:15:44]} 43. b4 {[%clk 0:00:53]} Rcc2
{[%clk 0:15:32]} 44. Rf1 {[%clk 0:00:45]} Kf6 {[%clk 0:13:59]} 45. Be8
{[%clk 0:01:14]} Rab2 {[%clk 0:14:02]} 46. b5 {[%clk 0:01:30]} Ke7
{[%clk 0:14:19]} 47. Bc6 {[%clk 0:00:42]} a6 {[%clk 0:14:06]} 48. Re1+
{[%clk 0:00:47]} Kd6 {[%clk 0:13:24]} 49. Rd1+ {[%clk 0:00:45]} Rd2
{[%clk 0:12:46]} 0-1